Eastern European Countries that have Increased in Population - Statistics

General Stats
  • This quiz has been taken 209 times
    109 since last reset
  • The average score is 4 of 5
Answer Stats
% Increase Country % Correct
3.9 Slovenia
98%
3.8 Slovakia
95%
4.2 Czech Republic
93%
2.1 Montenegro
78%
4.3 North Macedonia
78%
No matching quizzes found
Score Distribution
Percent of People with Each Score
Percentile by Number Answered
Your Score History
You have not taken this quiz since the last reset